Dictionary of Nursing

Bibliographic Details
Main Author: Collin, Peter
Format: Book
Published: London : Bloomsbury Publishing Plc , 2003
Subjects:

MARC

LEADER 00000cam a2200000 7i4500
001 0000016546
005 20080425.0
008 250408
020 |a 0747566348 
090 0 0 |a 413   |b COL 
100 1 |a Collin, Peter 
245 1 0 |a Dictionary of Nursing   |c By Peter Collin 
260 |a London :   |b Bloomsbury Publishing Plc ,   |c 2003 
650 0 |a Nursing   |x Dictionaries 
999 |a 0001015127   |b Book   |c REFERENCE   |e Perbadanan Perpustakaan Awam Johor